000 00340 a2200157 4500
001 178519
020 _a
040 _cMagnum
100 _aRosa, Santa Schilaro Nereide
240 1 0 _aUsos e costumes
_lpor
245 1 0 _aUsos e costumes
362 0 _a1899
440 1 _aModerna
697 _aMAGNITO: IJ/LENDAS, FOLCLORE
942 _cBK
999 _c178519
_d178519